УИРС. Часть 1 (профиль Поиски и разведка подземных вод и инженерно-геологические изыскания) / ДО 2018 (21.05.02): электронный курс

Detalles Bibliográficos
Autor principal: Кузеванов К. И. Константин Иванович
Autor Corporativo: Национальный исследовательский Томский политехнический университет Инженерная школа природных ресурсов Отделение геологии
Otros Autores: Бракоренко Н. Н. Наталья Николаевна
Sumario:Заглавие с экрана
В курсе УИРС. Часть 1 (профиль Поиски и разведка подземных вод и инженерно-геологические изыскания) раскрываются основные подходы и методы научных исследований в области поисков и разведки подземных вод и инженерно-геологических изысканий; основные технические средства и информационные технологии применяемые в области гидрогеологии и инженерной геологии. Целью данного онлайн-курса является формирование у обучающихся определенного состава компетенций для подготовки к профессиональной деятельности.
Доступ по логину и паролю
Lenguaje:ruso
Publicado: Томск, TPU Moodle, 2019
Materias:
Acceso en línea:https://design.lms.tpu.ru/course/view.php?id=3050
Formato: MixedMaterials Electrónico Libro
KOHA link:https://koha.lib.tpu.ru/cgi-bin/koha/opac-detail.pl?biblionumber=665984

MARC

LEADER 00000nlm0a2200000 4500
001 665984
005 20240124163440.0
035 |a (RuTPU)RU\TPU\network\37188 
035 |a RU\TPU\network\36714 
090 |a 665984 
100 |a 20211125d2019 m y0rusy50 ca 
101 0 |a rus 
102 |a RU 
105 |a a j 000zy 
135 |a jrcn ---uucaa 
181 0 |a i  
182 0 |a b 
200 1 |a УИРС. Часть 1 (профиль Поиски и разведка подземных вод и инженерно-геологические изыскания) / ДО 2018 (21.05.02)  |e электронный курс  |f К. И. Кузеванов, Н. Н. Бракоренко  |g Национальный исследовательский Томский политехнический университет, Инженерная школа природных ресурсов, Отделение геологии 
203 |a Текст  |c электронный 
210 |a Томск  |c TPU Moodle  |d 2019 
300 |a Заглавие с экрана 
330 |a В курсе УИРС. Часть 1 (профиль Поиски и разведка подземных вод и инженерно-геологические изыскания) раскрываются основные подходы и методы научных исследований в области поисков и разведки подземных вод и инженерно-геологических изысканий; основные технические средства и информационные технологии применяемые в области гидрогеологии и инженерной геологии. Целью данного онлайн-курса является формирование у обучающихся определенного состава компетенций для подготовки к профессиональной деятельности. 
333 |a Доступ по логину и паролю 
606 1 |a Воды подземные  |x Гидрогеология  |2 stltpush  |3 (RuTPU)RU\TPU\subj\3150  |9 31605 
606 1 |a Инженерно-геологические изыскания  |2 stltpush  |3 (RuTPU)RU\TPU\subj\12581  |9 39344 
610 1 |a электронный ресурс 
610 1 |a труды учёных ТПУ 
610 1 |a электронное обучение 
610 1 |a электронные курсы ТПУ 
610 1 |a электронные учебные пособия 
610 1 |a учебные пособия 
610 1 |a дистанционное образование 
610 1 |a дистанционное обучение 
675 |a 556.3(075.8)  |v 3 
675 |a 624.131.3(075.8)  |v 3 
700 1 |a Кузеванов  |b К. И.  |c геолог  |c доцент Томского политехнического университета, кандидат геолого-минералогических наук  |f 1955-  |g Константин Иванович  |3 (RuTPU)RU\TPU\pers\26077  |9 11915 
701 1 |a Бракоренко  |b Н. Н.  |c гидрогеолог  |c доцент Томского политехнического университета, кандидат геолого-минералогических наук  |f 1981-  |g Наталья Николаевна  |3 (RuTPU)RU\TPU\pers\27898  |9 12913 
712 0 2 |a Национальный исследовательский Томский политехнический университет  |b Инженерная школа природных ресурсов  |b Отделение геологии  |3 (RuTPU)RU\TPU\col\23542 
801 2 |a RU  |b 63413507  |c 20220606  |g RCR 
856 4 |u https://design.lms.tpu.ru/course/view.php?id=3050 
942 |c CF